LEADER 00929nam0-22003011i-450- 001 990007451680403321 010 $a88-13-24019-8 035 $a000745168 035 $aFED01000745168 035 $a(Aleph)000745168FED01 035 $a000745168 100 $a20030704d2002----km-y0itay50------ba 101 0 $aita 102 $aIT 105 $ay-------001yy 200 1 $aPianificazione e pubblica amministrazione a regime di mercato$fGianluca Maria Esposito 210 $aPadova$cCedam$dc2002 215 $aXXXIII, 774 p.$d24 cm 225 1 $aUrbanistica, opere pubbliche, espropriazioni$v42 676 $a352.34$v21$zita 700 1$aEsposito,$bGianluca Maria$0262966 801 0$aIT$bUNINA$gRICA$2UNIMARC 901 $aBK 912 $a990007451680403321 952 $aCollezioni 398 (42)$b44803*$fFGBC 959 $aFGBC 996 $aPianificazione e pubblica amministrazione a regime di mercato$9679283 997 $aUNINA LEADER 01309nam--2200421---450- 001 990001494260203316 005 20070125141854.0 010 $a88-04-52447-2 035 $a000149426 035 $aUSA01000149426 035 $a(ALEPH)000149426USA01 035 $a000149426 100 $a20040310d2004----km-y0enga50------ba 101 $aita 102 $aIT 105 $a||||||||001yy 200 1 $a<> crisi dell' Islam$ele radici dell'odio verso l'Occidente$fBernard Lewis$g[trad. di Lodovico Terzi] 210 $aMilano$cMondadori$d2004 215 $a166 p.$cill.$d21 cm 225 2 $a<> scie 410 0$12001$a<> scie 454 1$12001$a<> crisis of islam$91556862 461 1$1001-------$12001 606 0 $aIslamismo$xOtteggiamento degli occidentali 676 $a297.72 700 1$aLEWIS,$bBernard$f<1916-2018>$0765692 702 1$aTERZI,$bLodovico 801 0$aIT$bsalbc$gISBD 912 $a990001494260203316 951 $aII.2. 4360(XIV 1662)$b173212 L.M.$cXIV$d00132039 959 $aBK 969 $aUMA 979 $aMARIA$b10$c20040310$lUSA01$h1559 979 $aPATRY$b90$c20040406$lUSA01$h1744 979 $aSENATORE$b90$c20050525$lUSA01$h1159 979 $aCOPAT7$b90$c20070125$lUSA01$h1418 996 $aCrisis of islam$91556862 997 $aUNISA